000 00329nam a2200121Ia 4500
008 230822s1999 xx 000 0 und d
041 _aeng
082 _a370.193.48
100 _aGALLION A. B.
245 _aTHE URBAN PATTERN CITY PLANNING AND DESIGN IVTH ED.
260 _bCBS PUBLISHERS AND DISTIRBUTORS
_c1999
300 _a451
999 _c855354
_d855354